<?xml version="1.0" encoding="UTF-8"?>
<record
    xmlns:xsi="http://www.w3.org/2001/XMLSchema-instance"
    xsi:schemaLocation="http://www.loc.gov/MARC21/slim http://www.loc.gov/standards/marcxml/schema/MARC21slim.xsd"
    xmlns="http://www.loc.gov/MARC21/slim">

  <leader>00925cam a2200289u  4500</leader>
  <controlfield tag="001">4267</controlfield>
  <controlfield tag="003">FISKH</controlfield>
  <controlfield tag="005">20250331113818.0</controlfield>
  <controlfield tag="008">820318s1958    nyua   j      000 0 eng  </controlfield>
  <datafield tag="010" ind1=" " ind2=" ">
    <subfield code="a">   58007754 </subfield>
  </datafield>
  <datafield tag="040" ind1=" " ind2=" ">
    <subfield code="a">DLC</subfield>
    <subfield code="c">CarP</subfield>
    <subfield code="d">DLC</subfield>
    <subfield code="b">eng</subfield>
  </datafield>
  <datafield tag="050" ind1="0" ind2="0">
    <subfield code="a">PZ7.H672</subfield>
  </datafield>
  <datafield tag="082" ind1=" " ind2=" ">
    <subfield code="a">813.52 </subfield>
  </datafield>
  <datafield tag="100" ind1="1" ind2=" ">
    <subfield code="a">Hoff, Syd,</subfield>
    <subfield code="d">1912-2004.</subfield>
  </datafield>
  <datafield tag="245" ind1="1" ind2="0">
    <subfield code="a">Danny and the dinosaur /</subfield>
    <subfield code="c">Story and Pictures by Syd Hoff </subfield>
  </datafield>
  <datafield tag="250" ind1=" " ind2=" ">
    <subfield code="a">This edition published in 1986</subfield>
  </datafield>
  <datafield tag="260" ind1=" " ind2=" ">
    <subfield code="a">New York :</subfield>
    <subfield code="b">HarperCollins, </subfield>
    <subfield code="c">1958</subfield>
  </datafield>
  <datafield tag="300" ind1=" " ind2=" ">
    <subfield code="a">64 pages : </subfield>
    <subfield code="b">color illustrations ; </subfield>
    <subfield code="c">23 cm </subfield>
  </datafield>
  <datafield tag="505" ind1=" " ind2=" ">
    <subfield code="a">G
</subfield>
  </datafield>
  <datafield tag="520" ind1=" " ind2=" ">
    <subfield code="a">A little boy is surprised and pleased when one of the dinosaurs from the museum agrees to play with him. </subfield>
  </datafield>
  <datafield tag="521" ind1="8" ind2=" ">
    <subfield code="a">400
</subfield>
    <subfield code="b">Lexile
</subfield>
  </datafield>
  <datafield tag="521" ind1="8" ind2=" ">
    <subfield code="a">G
</subfield>
    <subfield code="b">Raz-Plus
</subfield>
  </datafield>
  <datafield tag="650" ind1=" " ind2=" ">
    <subfield code="a">Early Reader </subfield>
    <subfield code="v">Dinosaurs </subfield>
    <subfield code="x">Fantasy</subfield>
    <subfield code="y">Animals</subfield>
  </datafield>
  <datafield tag="906" ind1=" " ind2=" ">
    <subfield code="a">0</subfield>
    <subfield code="b">cbc</subfield>
    <subfield code="c">premunv</subfield>
    <subfield code="d">u</subfield>
    <subfield code="e">ncip</subfield>
    <subfield code="f">19</subfield>
    <subfield code="g">y-gencatlg</subfield>
  </datafield>
  <datafield tag="942" ind1=" " ind2=" ">
    <subfield code="2">ddc</subfield>
    <subfield code="c">BK</subfield>
    <subfield code="n">0</subfield>
  </datafield>
  <datafield tag="999" ind1=" " ind2=" ">
    <subfield code="c">4267</subfield>
    <subfield code="d">4267</subfield>
  </datafield>
  <datafield tag="952" ind1=" " ind2=" ">
    <subfield code="0">0</subfield>
    <subfield code="1">0</subfield>
    <subfield code="2">ddc</subfield>
    <subfield code="4">0</subfield>
    <subfield code="7">0</subfield>
    <subfield code="8">JUVF</subfield>
    <subfield code="a">001</subfield>
    <subfield code="b">001</subfield>
    <subfield code="c">TK Blue</subfield>
    <subfield code="d">2024-07-11</subfield>
    <subfield code="l">1</subfield>
    <subfield code="o">HOF 813.52 PZ7.H672 </subfield>
    <subfield code="p">FISTK01277</subfield>
    <subfield code="r">2025-05-28 08:10:34</subfield>
    <subfield code="s">2025-03-05</subfield>
    <subfield code="w">2024-07-11</subfield>
    <subfield code="y">BK</subfield>
  </datafield>
  <datafield tag="952" ind1=" " ind2=" ">
    <subfield code="0">0</subfield>
    <subfield code="1">0</subfield>
    <subfield code="2">ddc</subfield>
    <subfield code="4">0</subfield>
    <subfield code="7">0</subfield>
    <subfield code="8">JUVF</subfield>
    <subfield code="a">001</subfield>
    <subfield code="b">001</subfield>
    <subfield code="c">TK Blue</subfield>
    <subfield code="d">2024-11-19</subfield>
    <subfield code="l">1</subfield>
    <subfield code="o">HOF 813.52 PZ7.H672 </subfield>
    <subfield code="p">FISTK01278</subfield>
    <subfield code="r">2025-02-26 08:30:26</subfield>
    <subfield code="s">2025-02-19</subfield>
    <subfield code="t">2</subfield>
    <subfield code="w">2024-11-19</subfield>
    <subfield code="y">BK</subfield>
  </datafield>
  <datafield tag="952" ind1=" " ind2=" ">
    <subfield code="0">0</subfield>
    <subfield code="1">0</subfield>
    <subfield code="2">ddc</subfield>
    <subfield code="4">0</subfield>
    <subfield code="7">0</subfield>
    <subfield code="8">JUVF</subfield>
    <subfield code="a">002</subfield>
    <subfield code="b">002</subfield>
    <subfield code="c">TTP Dark Blue</subfield>
    <subfield code="d">2025-03-31</subfield>
    <subfield code="l">0</subfield>
    <subfield code="o">HOF 813.52 PZ7.H672 </subfield>
    <subfield code="p">2025-0931</subfield>
    <subfield code="r">2025-03-31 11:38:16</subfield>
    <subfield code="t">3</subfield>
    <subfield code="w">2025-03-31</subfield>
    <subfield code="y">BK</subfield>
  </datafield>
</record>
